00264nam a2200097Ia 4500008004100000100001900041245005200060250001100112260003200123300001100155191201s2012 xx 000 0 und d aKAPILA, Hemant 0aComputer Applications in mechanical engineering a7thEd. c2012bEagle Pub.aNEW DELHI a276+88